| 000 | 01106 a2200217 4500 | ||
|---|---|---|---|
| 005 | 20080922145959.0 | ||
| 008 | 080922t xxu||||| |||| 00| 0 hin d | ||
| 010 | _aHIN-81320 | ||
| 020 |
_c200.00 _a8176751715 |
||
| 035 | _aHN-53666 | ||
| 037 | _bD.B.Act / pub | ||
| 082 | _a821.08 | ||
| 245 |
_aनिराला : एक पुनर्मूल्यांकन _cसंपादक ए. अरविंदाक्षन |
||
| 246 |
_aNirala:ek Punarmulyankan _bEd by A. Arvindakshan |
||
| 260 |
_aपंचकूला _bआधार प्रकाशन _c2006 |
||
| 270 |
_aएस.सी.एफ.267, सेक्टर-16 _bपंचकूला (हरियाणा) _e134113 |
||
| 300 |
_a180पृ _c22 सेमी (सजिल्द) |
||
| 700 | _aअरविंदाक्षन, ए. | ||
| 942 |
_adpl _cHN _k821.08 / निराला _2ddc _h821.08 _mनिराला |
||
| 999 |
_c8176 _d8176 |
||